00959 2200325 4500001002100000005001700021008004100038035002400079082001300103090002300116100002100139245011900160250001100279260002800290300003000318500006600348500003100414500001100445650003800456700002500494850001500519980001500534985000600549999001500555999001500570990001200585990001200597990001200609990001200621YOGYA-0209000003574220090227025039.0 ind  0010-020900000035742 a992.7117 a992.7117bHan KlT aHanna, Willard A aKepulauan Bandabkolonialisme dan akibatnya di kepulauan PalacWillard A. Hanna ; alih bahasa, Kustiniyati Mochtar aCet. 1 aJakartabGramediac1983 axiv, 183 hlmbilusc21 cm aJudul asli : Indonesian Banda colonialism and its aftermath.. aBilbiografi : hlm. 175-178 aIndeks aSejarah Kolonialisme di Indonesia aMokhtar, Kustiniyati aYOPDYOG(B) a10-10-2006 a2 aP000023501 aP000023502 a23502-P a23501-P a23501-P a23502-P